Les pays d'Afrique par ordre alphabétique - Statistiques

Statistiques générales
  • Ce quiz a été pris 100 fois
  • Le résultat moyen est 39 sur 54
Statistiques - réponses
Hint Réponse % Correct
A Algérie
95%
A Angola
89%
B Bénin
88%
A Afrique du sud
85%
B Burundi
84%
Z Zambie
84%
B Botswana
82%
E Erythrée
81%
Z Zimbabwe
81%
D Djibouti
79%
E Ethiopie
79%
G Gabon
79%
G Guinée
79%
K Kenya
79%
C Cameroun
78%
G Guinée-Bissau
78%
G Guinée équatoriale
75%
L Lesotho
75%
O Ouganda
75%
T Tanzanie
75%
C Comores
74%
E Eswatini
74%
R Rwanda
74%
B Burkina Faso
73%
E Egypte
73%
L Libye
73%
M Maroc
73%
M Mauritanie
73%
C Cap-vert
71%
G Ghana
71%
M Madagascar
71%
M Mali
71%
N Namibie
71%
N Niger
71%
N Nigeria
71%
S Somalie
70%
G Gambie
67%
C Côte d'Ivoire
66%
L Liberia
66%
M Mozambique
66%
M Maurice
64%
M Malawi
63%
S Soudan
63%
T Tunisie
63%
R République centrafricaine
62%
S Soudan du Sud
62%
T Togo
62%
R République du Congo
60%
S Sénégal
60%
S Sierra Leone
60%
T Tchad
60%
R République démocratique du Congo
59%
S Sao Tomé-et-Principe
55%
S Seychelles
52%
Aucun quiz correspondant
Distribution des résultats
% des personnes avec chaque résultat
Percentile par nombre de réponses
Votre historique - résultats
Vous n’avez pas pris ce quiz